000 00495nam a2200169 i 4500
001 134439
003 ES-MaACL
005 20230906194655.0
007 t|
008 070910s1966 sp ||||1| spa d
100 1 _aWebb, F. C.
_9116239
245 1 0 _aIngeniería bioquímica /
_cF. C. Webb ; traducido por Celso Gutierrez Losa.
260 _aZaragoza :
_bAcribia,
_c[1966]
300 _a788 p. ;
_c25 cm.
700 1 _aGutiérrez Losa, Celso.
_961177
852 _aES-MaACL
_jC-30829
_bR.70144
999 _c134439
_d134439